000 00300nam a2200133Ia 4500
003 OSt
005 20240315125311.0
008 170523s9999 xx 000 0 und d
020 _a978-0074631669
040 _cIIMTU
100 _aHurlock-Elizabeth B
245 0 _aChild Development
942 _2ddc
_c02
999 _c11484
_d11484